Sports Quiz

Random Sports Quiz

Life of Muhammad Ali Quiz Stats

Quiz not verified by Sporcle

Challenge
Share
Tweet
Embed
Score 0/26 Timer 08:00
0 Plays Today
Hint Answer % Correct
Birth Name?Cassius Clay
94.2%
Won his first [...] Professional Bouts?19
90.7%
Age he Started Boxing?12
87.2%
Fought who in Rumble in the Jungle? George Foreman
86%
First Professional Loss?Joe Frazier
83.7%
'I am The [...]'Greatest
83.7%
Had a Fear of [...] which Almost Prevented him Competing at the Olympics in Rome?Flying
80.2%
In what Year? 1974
80.2%
Had How Many Spouses?3
80.2%
Stripped of his Title for Refusing to go to?Vietnam
79.1%
What was Stolen from him to Encourage him to Start Boxing?Bike
76.7%
How Many Children?9
73.3%
Third Professional Loss?Leon Spinks
69.8%
Hint Answer % Correct
Second Professional Loss?Ken Norton
66.3%
Fourth Professional LossLarry Holmes
66.3%
Total Career Wins?56
61.6%
Wins by KO?37
60.5%
'Hospitalized a Brick, I'm so Mean I Make [...]'Medicine Sick
59.3%
Final Professional Fight?Trevor Berbick
57%
First Brit he Fought Against?Henry Cooper
54.7%
Joined the Nation of Islam, figure headed by? Malcolm X
47.7%
Converted from Nation of Islam to? Sunni Islam
33.7%
Fought which Japanese Wrestler?Antonio Inoki
30.2%
Fighting Stance?Orthadox
25.6%
First Opponent he Ever Beat?Tunney Hunsaker
23.3%
Name of Autobiography?The Greatest: My Own Story
14%

You're not logged in!

Compare scores with friends on all Sporcle quizzes.
Sign Up with Email
OR
Log In

You Might Also Like...

Show Comments

Extras

Top Quizzes Today


Score Distribution

Your Account Isn't Verified!

In order to create a playlist on Sporcle, you need to verify the email address you used during registration. Go to your Sporcle Settings to finish the process.